[Event "Olomouc After GP Mladi"]
[Site "Olomouc"]
[Date "1997.??.??"]
[Round "10"]
[White "Movsesian, Sergei"]
[Black "Votava, Jan"]
[Result "1/2-1/2"]
[WhiteElo "2555"]
[BlackElo "2515"]
[Annotator "Nor,I"]
[PlyCount "162"]
[EventDate "1997.08.05"]
[EventType "tourn"]
[EventRounds "11"]
[EventCountry "CZE"]
[EventCategory "10"]
[SourceTitle "CBM 061"]
[Source "ChessBase"]
[SourceDate "1997.11.23"]
[SourceVersion "1"]
[SourceVersionDate "1997.11.23"]
[SourceQuality "1"]

1. e4 {Gershon} c5 2. Nf3 d6 3. d4 cxd4 4. Nxd4 Nf6 5. Nc3 a6 6. Be3 e5 7. Nb3
Be6 8. f3 Nbd7 9. Qd2 Be7 10. O-O-O {In this opening,white should play
agressively and 10.g4! is the most agressive way!} (10. g4 $1 b5 $140 $6 11. a4
$1 b4 12. Nd5 Bxd5 13. exd5 $36 {And if} Nb6 $2 {than} 14. a5 $1) 10... b5 $5 (
10... Rc8 $6 11. g4 Nb6 12. g5 Nfd7 13. Rg1 Qc7 14. Kb1 Nc4 15. Bxc4 Qxc4 16.
h4 b5 17. Qg2 b4 18. Nd5 Bd8 19. f4 $1 $36 {Byrne-Balashov, Moscow 1971}) 11.
Qf2 {Although 11.g4!? seems more logical,this move has an interesting idea.
White doesn't start to attack immideately,he is ready to "waste" even a tempi
more [12.g4? B:g4!]!He wants to prove that his position is better even without
attacking black's king!He also wants to prove that black's attack isn't
serious.He succeeds to prove all of the above in this game,but I am not sure
he can do it in the next one!} (11. Nd5 Bxd5 12. exd5 Nb6 13. Bxb6 Qxb6 14. Na5
Rc8 (14... O-O 15. Nc6 Rfe8 16. Bd3 e4 17. Bxe4 Nxe4 18. fxe4 Bf6 19. Rde1 a5
20. Rhf1 Be5 21. g3 b4 22. Rf5 Rac8 23. Nxe5 dxe5 24. Rf3 a4 25. Kb1 Rc4 26. b3
Rc5 27. d6 Rd8 28. d7 Rc7 29. Rd3 Qb7 30. Rd1 axb3 31. axb3 Qxe4 32. Re1 Qf5
33. Qxb4 Rcxd7 34. Rxd7 Qxd7 35. Rxe5 g6 36. Qe1 Ra8 37. Ra5 Rc8 38. Kb2 Qc7
39. c4 Rd8 40. Re5 Qd7 41. Rd5 Qc7 42. Rxd8+ Qxd8 43. Qc3 Qc7 44. c5 Qc6 45. b4
Qg2+ 46. Qc2 Qc6 47. Kb3 Qd5+ 48. Ka4 Qa8+ 49. Kb5 Kf8 50. c6 Qb8+ 51. Ka4 Qc8
52. b5 Ke8 53. Qe4+ Kd8 54. Qd5+ Ke8 55. Qe5+ {1-0 Ryan,J-Aschwanden,F/EU-chJ
U20 Arnhem 1988}) 15. Nc6 Nxd5 (15... Bd8 $6 16. c4 O-O 17. Kb1 bxc4 18. Bxc4
Nd7 19. Rc1 Nb8 20. Qc3 $16 {Campora-Gallagher, Biel 1991}) 16. Nxe7 Nxe7 17.
Qxd6 Qxd6 18. Rxd6 Nc6 19. c3 Ke7 20. Rd2 Rhd8 21. Rxd8 Rxd8 22. Be2 f5 23. a4
bxa4 24. Bxa6 Na5 25. Bb5 Nb3+ {Mecking,H-Evans,L/San Antonio 1972/MCD-r7/1/
2-1/2 (40)}) (11. g4 $5 O-O 12. g5 Nh5 13. Kb1 Nb6 14. Nd5 $1 Nxd5 15. exd5 Bd7
16. Na5 $5 Qc7 17. Bd3 Bd8 18. Nc6 $1 $14 {Badzarani-Kalantarian, USSR 1989
Line -/ 0}) (11. Kb1 $5 O-O 12. g4 Nb6 13. g5 Nfd7 14. h4 Qc7 15. h5 Rfc8 16.
g6 b4 17. Nd5 Nxd5 18. exd5 Bf5 19. gxf7+ Kh8 $6 20. Bd3 Bxd3 21. Qxd3 Rf8 22.
Qg6 $1 $16 {Tolnai-Kuczynski, Stara Zagora(zt) 1990}) 11... O-O (11... b4 $5
12. Na4 O-O 13. g4 $6 Bxg4 $1 14. h4 Be6 15. Bd3 Nh5 16. Nb6 Nxb6 17. Bxb6 Qd7
18. Bf1 Qc6 19. Na5 Qa4 20. a3 bxa3 21. b3 Qd7 22. Nc4 Qc6 23. Be3 Rab8 24. Bd2
a2 25. Bc3 a5 26. Qa7 {Tate,E-De Firmian,N/New York op 1994/EXP 40/0-1 (43)} (
26. Qa7 Rfe8 27. Kb2 Ra8 28. Qb6 Qc8 29. Qe3 Qd8 30. Kc1 a4 31. Ba1 axb3 32.
cxb3 Qc7 33. Rg1 Reb8 34. Rd2 Nf4 35. Rxg7+ Kxg7 36. Qxf4 Bxc4 37. Bxc4 Rxb3
38. Qxf7+ Kh8 39. Rxa2 Rf8 40. Qd5 Rbxf3 41. Ra6 Re8 42. Ra8 Rxa8 43. Qxa8+ Rf8
{0-1 Tate,E-De Firmian,N/New York op 1994})) (11... Rc8 12. Kb1 O-O 13. g4 Qc7
14. Nd5 Bxd5 15. exd5 Nc5 16. Qd2 Nfd7 17. Bd3 Nxb3 18. axb3 Qb7 19. h4 Bd8 20.
g5 Bb6 21. h5 Bxe3 22. Qxe3 Nc5 23. Bf5 Rc7 24. b4 Na4 25. Qd3 g6 26. hxg6 fxg6
27. Be6+ Kh8 28. Qxg6 Rg7 29. Qh5 a5 30. Rh4 axb4 31. Rdh1 b3 32. g6 bxc2+ 33.
Kc1 Qc7 34. Qxh7+ {1-0 Figueroa,F-Watanabe,A/WchJ-U20 Santiago 1990}) 12. Kb1
$1 (12. g4 $6 Bxg4 $1 13. fxg4 Nxg4 14. Qg3 Nxe3 15. Rg1 Bg5 16. Qxg5 Qxg5 17.
Rxg5 Nxd1 18. Nxd1 h6 19. Rg3 Nf6 20. Nd2 d5 21. exd5 Nxd5 22. Bg2 Nf4 23. Bxa8
Ne2+ 24. Kb1 Nxg3 25. hxg3 Rxa8 $17 {Bakhtadze,G-Rangarajan,K/WchJM U14
Bratislava 1993/1-0 (51)}) 12... b4 (12... Rc8 13. g4 $1) 13. Nd5 Bxd5 (13...
Nxd5 14. exd5 Bf5 15. g4 Bg6 16. h4 h6 17. Nd2 f5 18. h5 Bh7 19. gxf5 Bxf5 20.
Bh3 Qc7 21. Bxf5 Rxf5 22. Rdg1 Kh8 23. Qg2 Rf7 24. Rh3 Nf6 25. Qg6 Raf8 26.
Rhg3 Bd8 27. Ne4 Nxe4 28. Qxe4 $36 {Gaponenko,I-Vasilevich,T/WchJW-U16
Duisburg 1992/TD 92\06/0-1 (45)} (28. Qxe4 Qe7 29. Qxb4 Rxf3 30. Rxf3 Rxf3 31.
Qe4 Qf7 32. b4 Qxh5 33. Kb2 Qh3 34. Bd2 Bb6 35. Rc1 Qg3 36. a4 Qf2 37. Bc3 Rf4
38. Qd3 Bd4 39. Rd1 Rf3 40. Bxd4 Rxd3 41. Bxf2 Rxd1 42. b5 axb5 43. axb5 Rxd5
44. b6 Rb5+ 45. Kc3 d5 {0-1 Gaponenko,I-Vasilevich,T/WchJW U16 Duisburg 1992}))
14. exd5 Qc7 15. g4 a5 16. Bb5 $1 {The decoration [!] is for the courage.White
doesn't really care about black's attack!I am not sure it is not against the
sicilian rules,but at least he tries!} a4 17. Nc1 a3 $2 {I am the last who
will blame black.It is posible to get lost in that kind of position!} (17... b3
$2 18. cxb3 axb3 19. Nxb3 Rfb8 20. Bc6 {And white is much better.}) (17... Ra5
$142 $5 18. Bc6 Rb8 $13 {[%csl Rb1][%cal Gd7b6,Gb6c4,Gb4b3]}) 18. b3 Qc3 19.
Nd3 Nc5 (19... Rab8 20. Bxd7 Nxd7 21. Bd2 Qc7 22. Nxb4 {And white should win.})
20. Bc6 $1 (20. Bxc5 $2 dxc5 21. Rhe1 (21. Bc6 e4 $1) 21... Nxd5 22. Bc6 Rad8
$17) 20... Nxd3 $6 (20... e4 $2 21. Bd4 Nxd3 22. cxd3 e3 23. Qxe3 $18) (20...
Ra5 $142 21. Qe1 $1 Qxe1 (21... Nxd3 22. Qxc3 bxc3 23. Rxd3 $16) 22. Rhxe1 Nxd3
23. Rxd3 {With a better position.}) 21. cxd3 Rac8 22. g5 $6 (22. d4 $2 Rxc6 $1
23. dxc6 Nd5 24. Bc1 Rc8 $44) (22. Rd2 $1 {[%csl Rc3][%cal Gh1c1]} h6 $5 (22...
Rxc6 23. dxc6 Qxc6 24. Rc1 $18) 23. Rhd1 $1 (23. Rc1 $140 $2 Qxc1+ $1 24. Kxc1
Nxd5 {And black is even better!!!}) 23... Rxc6 $8 24. dxc6 Qxc6 25. Rc1 {
And white should win.}) 22... Nh5 23. Rd2 Rxc6 $6 {23...Nf4 was better.Now
black has only practical chances.} (23... Nf4 $142 $5 24. Bxf4 (24. Rc1 $6 Nxd3
25. Rxc3 Nxf2 26. Rc4 Nh3 $13) 24... exf4 25. Rc1 (25. d4 $6 Bxg5 26. Rc1 Qe3
$15) 25... Qe5 26. h4 $16 {[%csl Rb4,Rc8,Re5,Re7,Rf4,Rf8][%cal Gc1c4]}) 24.
dxc6 Qxc6 25. Rc1 Qd7 26. Qh4 g6 (26... Nf4 27. Bxf4 exf4 28. Qxf4 d5 29. h4
$18) 27. Qxb4 d5 28. Bc5 $18 Bxc5 (28... Bxg5 $2 29. Bxf8 Bxd2 30. Qb8 $1 $18)
29. Qxc5 Nf4 30. Qxa3 $2 {Sometimes it's much harder to win in "winning
position" than get it!It is the secret of the best!} (30. Qc6 $1 {The most
simple.} Qf5 (30... Qh3 31. Qf6 $18) (30... Qxc6 31. Rxc6 $18) (30... Qe7 31.
h4 $18) 31. Qf6 $18) 30... Qf5 31. Rcd1 $6 (31. Qe7 $142 Nxd3 32. Rf1) 31...
Qxg5 32. Qd6 d4 33. Rc2 Rd8 $6 (33... Qh5 $142 $16) 34. Qc6 $4 (34. h4 $1 $18 {
[%csl Rd8,Re5][%cal Gg5e5,Gg5d8,Rh4g5]}) 34... Nd5 $1 {Suddenly it became
difficult!} 35. Rc5 $6 (35. Re1 $2 Nb4) (35. f4 $1 {[%csl Rd8][%cal Gg5d8,
Gg5f4]} Qxf4 (35... Qh5 36. Re1 $18) (35... Qh4 36. fxe5 Nb4 37. Qe4 $5 Qxe4
38. dxe4 Nxc2 39. Kxc2 Kf8 40. Kd3 Ke7 41. Rc1 $16) 36. Re1 $14) 35... Nc3+ 36.
Rxc3 dxc3 37. Qxc3 Qe3 $132 38. Re1 Qxf3 39. Rxe5 Qh1+ $1 (39... Qxd3+ $143 $6
40. Qxd3 Rxd3 41. Kc2 {And white is better.}) 40. Re1 $6 (40. Qe1 $142) 40...
Qxh2 41. Qf6 Rc8 $15 42. Rf1 Qc7 43. Kb2 h5 44. a4 Qc2+ 45. Ka3 Qc5+ 46. Kb2
Qd5 $1 47. Qf4 f5 $6 (47... Rd8 $142 $5) 48. Rg1 $132 Kf7 49. d4 Rd8 50. Rd1
Rd7 51. Qh6 Rb7 52. Rd3 Kf6 53. Ka2 Qd6 54. d5 f4 55. Rc3 (55. Rd4 $5) 55...
Rb6 (55... Qxd5 $6 56. Qxf4+ Kg7 57. Rc7+ Rxc7 58. Qxc7+) 56. Qh8+ Kg5 57. Qd4
Qf6 58. Qd2 Rd6 59. a5 Kh6 60. Rc6 $5 Rxc6 61. dxc6 Qxc6 62. Qxf4+ g5 {If the
ending with rooks was very close to a draw,this ending is drawn for sure,BUT
BOTH PLAYERS ARE TRYING TO WIN IN THIS DRAWN POSITION! GOOD SIGýN AND GOOD
LUCK FOR BOTH OF THEM!!!} 63. Qf8+ Kg6 64. Qg8+ Kf5 $6 (64... Kh6 $1 $11) 65.
Qf7+ Ke5 $8 (65... Kg4 $4 66. Qc4+ $1 Qxc4 67. bxc4 h4 68. a6 h3 69. a7 h2 70.
a8=Q $18) 66. Qe7+ (66. Qxh5 Qc2+ 67. Ka3 Qc1+ 68. Ka4 (68. Kb4 Qd2+ 69. Kb5
Qd7+ 70. Kb4 Qd4+ 71. Kb5 Qd7+ 72. Kb6 Qd6+ $11) 68... Qc6+ 69. Kb4 Qd6+ 70.
Kc3 Qd4+ 71. Kc2 Qc5+ 72. Kb2 Qd4+ $11) 66... Kf5 67. Qe2 $11 h4 68. Qd3+ Kg4
69. Qe2+ Kf5 70. a6 {White doesn't want to draw!} h3 71. Qd3+ Kg4 72. Qe2+ Kf5
73. Qd3+ Kg4 74. Qe2+ Kh4 {Black doesn't want to draw either!} 75. a7 Qg2 76.
Qxg2 hxg2 77. a8=Q g1=Q {But the position is drawn.} 78. Qh8+ Kg4 79. Qc8+ Kf3
80. Qf5+ Ke2 81. Qc2+ Kf3 $11 1/2-1/2

[Event "Tan Chin Nam Cup 3rd "]
[Site "Beijing"]
[Date "1997.08.11"]
[Round "2"]
[White "Tiviakov, Sergei"]
[Black "Ye, Jiangchuan"]
[Result "1-0"]
[WhiteElo "2590"]
[BlackElo "2530"]
[Annotator "Nor,I"]
[PlyCount "89"]
[EventDate "1997.08.11"]
[EventType "tourn"]
[EventRounds "11"]
[EventCountry "CHN"]
[EventCategory "12"]
[SourceTitle "CBM 061"]
[Source "ChessBase"]
[SourceDate "1997.11.23"]
[SourceVersion "1"]
[SourceVersionDate "1997.11.23"]
[SourceQuality "1"]

1. e4 {Gershon} c5 2. Nf3 d6 3. d4 cxd4 4. Nxd4 Nf6 5. Nc3 a6 6. Be3 e5 7. Nb3
Be6 8. Qd2 Be7 9. f3 O-O 10. O-O-O b5 (10... a5 $5 11. Bb5 $1 Na6 12. Qe2 Qc8
13. Na4 Nb4 14. Kb1 Qc7 15. a3 Nc6 16. Nb6 Rad8 17. Nd5 Bxd5 18. exd5 Nb8 19.
Qc4 $1 Qxc4 20. Bxc4 $16 {Sax-Quinteros, Moscow(izt) 1982}) (10... Nbd7 11. g4
b5 12. g5 b4 13. Ne2 Nh5 14. Ng3 Nf4 15. h4 a5 16. Kb1 a4 17. Nd4 exd4 18. Bxf4
Ne5 19. Be2 Qc7 20. Nf5 Bxf5 21. exf5 Rfc8 22. Rc1 a3 23. b3 Qc3 $13 {Vaulin})
(10... Qc7 11. g4 Rc8 12. g5 Nfd7 13. f4 exf4 14. Bxf4 Ne5 15. Nd4 Nbc6 16.
Nxe6 fxe6 17. h4 Bf8 $1 18. Bh3 Re8 $10 {Smagin-Georgadze,T, Tashkent 1984})
11. g4 b4 12. Nd5 $6 (12. Na4 $5 Nc6 $5 (12... Nbd7 13. Qxb4 d5 14. Bc5 Nxc5
15. Nbxc5 Qc8 16. Qb6 $1 {[%cal Gf1a6]}) 13. g5 Nh5 14. Nb6 Rb8 15. Nd5 Bxd5
16. exd5 Na5 17. Nxa5 Qxa5 18. Kb1 Bd8 19. Qd3 Bb6 20. Bc1 Ra8 21. Qe4 Bc5 22.
Bh3 Qc7 23. Bg4 Nf4 24. h4 Rae8 25. Rde1 Qd8 26. Bxf4 exf4 27. Qxf4 Rxe1+ 28.
Rxe1 Re8 29. Re4 Rxe4 30. Qxe4 g6 31. Kc1 {1/2-1/2 Gofshtein,L-Gruenfeld,Y/
Rishon le Zion 1994}) (12. Ne2 $6 a5 13. Kb1 a4 14. Nbc1 b3 15. g5 bxc2+ 16.
Qxc2 Nfd7 17. h4 Na6 18. f4 Qb8 19. f5 Rc8 20. Qd3 Nac5 21. Qc2 Na6 22. Qd3
Nac5 23. Qc2 Na6 {1/2-1/2 Lukin,A-Dorfman,I/Soviet Union 1983}) 12... Bxd5 13.
exd5 a5 $132 14. Kb1 $5 {Maybe the best.} (14. Nc5 Nbd7 15. Na4 Rb8 16. Kb1 Re8
17. h4 e4 18. g5 Nh5 19. f4 Ng3 20. Rg1 Nf5 21. Bh3 Nxe3 22. Qxe3 Bf8 23. Rd4
Rb7 24. Rxe4 Rxe4 25. Qxe4 Nb6 26. Nxb6 Qxb6 27. Qh1 a4 28. h5 a3 29. Rd1 Qf2
30. Qf1 Qh2 31. b3 Rc7 32. Bf5 g6 33. hxg6 hxg6 34. Bd3 Qh8 35. c3 Qxc3 36. Qe2
Re7 37. Qc2 Bg7 38. Qxc3 Bxc3 {Gouliev,L-Mitenkov,A/Moscow-ch op 1995/0-1 (57)}
) (14. g5 Nh5 15. Nc5 dxc5 16. d6 Nc6 17. dxe7 Qxe7 18. Qd7 Qxd7 19. Rxd7 Nd4
20. Bc4 $13) 14... a4 $6 {[%csl Rb4] After this "attacking" move,the pawn on
b4 is weak and white will be able to take it,sometimes, without any punishment.
} (14... Na6 $132 {Lukin}) (14... Nbd7 $6 15. g5 Nh5 16. Bb5 $1 $16 {
Lanka-Sadler, Mandelieu la Napoule 1992}) (14... Qc7 $5 15. g5 (15. h4 $6 Na6
16. h5 Nd7 17. g5 a4 18. Nc1 Ndc5 19. Bh3 f5 20. g6 f4 21. Bxc5 Nxc5 22. Nd3 h6
23. Qxb4 Rfb8 24. Qc4 Qb6 25. Qc3 Bf6 26. Nxc5 e4 27. Nd7 Qxb2+ 28. Qxb2 Rxb2+
29. Kc1 Bc3 30. Rdf1 Rxa2 31. Kd1 a3 32. fxe4 f3 33. Rxf3 Ra1+ 34. Ke2 Rxh1 35.
Be6+ Kh8 36. Rxc3 a2 {0-1 Koka,O-Gallagher,J/Bad Zurzach op 1995}) 15... Nfd7
$2 (15... Nh5 $1 {Gallagher,J-Gutman,L/Bad Woerishofen op 1994/0-1 (59)}) 16.
h4 $5 $16 {1/2-1/2 Solak,D-Istratescu,A/Ciocaltea Memorial (8) 1997 cbm60}) 15.
Nc1 Ra5 (15... Qa5 $142 $5 16. h4 $5 (16. g5 Nfd7 $5 (16... Nh5 17. Bh3 $1 Re8
$6 18. Bg4 Nf4 19. Bxf4 exf4 20. Rhe1 Qb5 21. Qxf4 Na6 22. Bf5 g6 23. Bd3 Qd7
24. Bxa6 Rxa6 25. Re4 Bd8 26. Qg4 Re7 27. Rxb4 $18 {1-0 Tiviakov,S-Sahu,S/
Calcutta op 1993 (44)}) 17. h4 Na6 18. h5 Nac5 19. Bh3 Nb6 20. b3 axb3 21. cxb3
Nba4 22. bxa4 Nxa4 23. Ka1 Nc3 24. Rh2 b3 25. Rg1 Rfb8 26. Qb2 Nxa2 27. Nxa2
bxa2 28. Qd2 Rb1+ 29. Rxb1 axb1=Q+ 30. Kxb1 Qa1+ 31. Kc2 Ra2+ $19 {0-1
Kaminski,M-Gutman,L/Bad Endbach 1995 (40)}) 16... Na6 17. h5 Nc5 18. g5 Nfd7
19. g6 fxg6 20. hxg6 hxg6 21. Nd3 b3 22. Bh3 bxa2+ 23. Ka1 Qxd2 24. Rxd2 Kf7
25. Kxa2 Bf6 26. Nf2 Rfb8 27. Bxd7 Nxd7 28. Ne4 Ke7 29. Rg1 Nf8 30. Rd3 Rb7 31.
Rg2 Rab8 32. b3 Ra8 33. Kb2 Ra6 34. Rg1 axb3 35. Rxb3 Rc7 36. c3 Kf7 37. Rb6
Rxb6+ 38. Bxb6 Rd7 39. c4 Be7 40. Kc3 Rb7 41. Be3 Nd7 42. Ra1 Nf6 43. Ng5+ Ke8
44. Ra8+ Kd7 45. Ne6 e4 46. f4 Ng4 47. Bd4 Bf6 48. c5 {1-0 Socko,B-Kempinski,R/
POL-ch 1996}) 16. Bc4 Qc7 $2 (16... Na6 $142 $5 17. Bxa6 Rxa6 18. Qxb4 Qc7 (
18... Qa8 19. c4 $16 {Tolnai-Roeder, Budapest 1990}) 19. Qd2 (19. c4 $5) 19...
Rb8 20. Ne2 e4 21. Ng3 $2 exf3 $36 {1-0 Blehm,P-Istratescu,A/Cappelle op 1996 
(31)}) 17. Qxb4 $1 $146 {Today, "novelties" can finish games.} (17. b3 $6 Nbd7
18. g5 Nh5 19. Nd3 axb3 20. cxb3 Nf4 21. Nxb4 Bxg5 22. Nc6 Ra3 23. h4 Bf6 24.
Qb4 Rfa8 25. Rh2 Ng6 26. Bc1 R3a7 27. Nxa7 Rxa7 {1-0 Perunovic,M-Paragua,M/
WchJM U12 Cala Galdana 1996/JUN 97}) 17... Nbd7 18. Bb5 $1 Rb8 19. c4 {I
really can't see any compensation for the pawn.Black couldn't either! "So, if
there is no compensation for the pawn,let's start looking for some practical
chances and give more."-he told to himself!} Raxb5 $5 20. cxb5 Qb7 21. Bg5 {
From this point white is trying to leave no chances for black.As known,that is
not the best way to win!} (21. Qxa4 $5 Nxd5 22. Rhe1 Nxe3 $140 23. Rxe3 d5 24.
f4 $1 $18) 21... h6 $5 (21... Qxb5 $143 22. Qxb5 Rxb5 23. Ne2 Rxd5 24. Nc3 $18)
22. Bxf6 Nxf6 23. Qxa4 {White,or course,has a winning position.} Nxd5 24. Rhe1
Nb6 25. Qe4 Qd7 26. Qd3 (26. Qc6 $1) 26... Rd8 27. Nb3 Bf6 28. Na5 d5 29. Nc6
Re8 30. Qc3 Qc7 31. Qb3 e4 32. Re2 (32. fxe4 $1) 32... Qf4 33. Qe3 Qc7 (33...
Qxe3 34. Rxe3 Bxb2 35. fxe4 dxe4 36. Kc2 $18) 34. fxe4 dxe4 (34... Rxe4 35. Qd3
$18) 35. Qg3 Qc8 36. h4 $6 e3 37. Qf4 $6 (37. Rxe3 $6 {Would be complicated
too after} Rxe3 38. Qxe3 Qxg4) (37. Rc2 $5) 37... Bxh4 $1 38. Qd4 Qe6 $1 {
Black succeded in confusing white.Now he is using his last chance.} 39. Qxb6
Qxg4 $6 (39... Qe4+ $142 $1 40. Ka1 Qxg4) 40. Nd4 $6 (40. Rde1 $5) 40... Bf6 (
40... Rd8 41. Rd3 $1 Rxd4 42. Qxd4 Qxe2 43. Qxe3 $18) 41. Qc6 $5 Rd8 42. Qg2
Qh4 $2 {Black is not using his chance.After 42...Q:g2 he could make some
troubles.} (42... Qxg2 $1 43. Rxg2 Rxd4 (43... Bxd4 44. Re2 $1 $18) 44. Rxd4
Bxd4 45. Kc2 {And white should win,but it is not so easy.}) 43. Qh1 $6 (43.
Rxe3 {Of course!} Rxd4 (43... Bxd4 44. Red3 $18) 44. Rxd4 Qxd4 45. Re8+ Kh7 46.
Qe4+ $18) 43... Qg4 (43... Qxh1 44. Rxh1 Bxd4 (44... Rxd4 45. Rxe3 Rd2 46. Rb3
$18) 45. Rd1 $18 {[%csl Re3]}) 44. Qg1 Qh5 $6 (44... Rxd4 $142 45. Qxg4 Rxg4
46. Rxe3 Rb4 47. Rb3 Rxb3 48. axb3 $18) (44... Qxg1 45. Rxg1 Rxd4 (45... Bxd4
46. Rd1 $18) 46. Rxe3 $18) 45. Rxe3 {Now there are no chances left.} 1-0

[Event "RUS-Cup7"]
[Site "Kstovo"]
[Date "1997.05.01"]
[Round "1"]
[White "Sakaev, Konstantin"]
[Black "Doroshkievich, Vladimir K"]
[Result "1/2-1/2"]
[WhiteElo "2580"]
[BlackElo "2385"]
[Annotator "Nor,I"]
[PlyCount "51"]
[EventDate "1997.05.01"]
[EventType "swiss"]
[EventRounds "9"]
[EventCountry "RUS"]
[SourceTitle "CBM 059"]
[Source "ChessBase"]
[SourceDate "1997.08.01"]
[SourceVersion "1"]
[SourceVersionDate "1997.08.01"]
[SourceQuality "1"]

1. e4 {Gershon} c5 2. Nf3 d6 3. d4 cxd4 4. Nxd4 Nf6 5. Nc3 a6 6. Be3 e5 7. Nb3
Be6 8. f3 {Let's see what Sakaev wants to say with white,in variation thet he
plays so well with black!} Nbd7 (8... h5 $6 {1/2-1/2 Bologan,V-Sakaev,K/St.
Petersburg op 1995 (17)}) 9. g4 {The regular move here is 9.Qd2.Maybe he
played this way in order not to give the variation 9.Qd2 h5?But black could
play h5 instead of Nbd7!In my opinion,if black wants so much to play h5,white
shoud not disturb him! Any way,after} b5 $1 $132 {White has some problems.The
main white's idea in this variation is to play a4! after b5 [and before his
0-0-0!].Now he cannot wait [for exemple 10.Qd2] because 10...Nb6,so...} (9...
Rc8 10. Qd2 Nb6 11. g5 (11. O-O-O Nc4 12. Bxc4 Bxc4 13. g5 Nh5 14. Na4 Be6 15.
Nb6 Rc7 16. Kb1 Be7 17. Nc1 O-O 18. Nd5 Bxd5 19. Qxd5 Qc8 20. Qb3 Qh3 21. Rdf1
Rfc8 22. Rf2 Nf4 23. Bxf4 exf4 24. Nd3 Bxg5 25. Nb4 Rc5 26. Nd5 Rb5 27. Qd3 Qe6
28. c3 Rbc5 29. Rg2 Bh6 30. Rhg1 Kh8 31. Qd4 f6 32. Rd1 Re8 33. Qd3 Rcc8 34.
Nb6 Rc6 35. Nd5 Rd8 {Wedberg,T-Dvoirys,S/EUCup Poliot-Wasa 1991/1/2-1/2 (74)})
11... Nfd7 12. O-O-O Qc7 13. Kb1 Be7 14. h4 f5 15. gxf6 Nxf6 16. Bxb6 Qxb6 17.
Bh3 Bxh3 18. Rxh3 O-O 19. h5 h6 20. Nc1 Kh8 21. Qe1 Nh7 22. Nd5 Qd8 23. Rd3 Bg5
24. Ne2 Nf6 25. Nxf6 Qxf6 26. Qd1 Rc6 27. Nc3 {1/2-1/2 Magem Badals,J-Pablo
Marin,A/Manresa 1995}) 10. a4 (10. g5 Nh5 $1 $146 {1/2-1/2 Topalov,V-Gelfand,B/
Madrid 1996 (20)} (10... b4 11. gxf6 bxc3 12. fxg7 Bxg7 13. bxc3 Qh4+ 14. Bf2
Qf4 15. Be2 O-O 16. Rg1 Qxh2 17. Qd2 Kh8 18. Be3 Qh4+ $13 {Saltaev,
M-Zagrebelniy,S,1988,Tashkent})) 10... b4 11. Nd5 Bxd5 12. exd5 Nb6 $1 {
And now he has a problem.If Qd2 and Be7 had been played,he could play a5! If
Qd2 had been played instead of g4,he will play 13.B:b6 as in main line.But
here,after 13...Q:b6 14.a5? there is a Qe3+,so he should look for original
ideas.Still 13.B:b6 was the better move,but with idea 13...Q:b6 14 Qd2!} 13.
Bf2 $6 {Original,but not good.} (13. Bxb6 $142 $5 Qxb6 14. Qd2 $1 e4 $1 15. g5
(15. fxe4 Nxg4 $15) (15. a5 Qb7 16. Qe3 (16. g5 Nxd5 17. fxe4 Nc7 18. Bg2 Be7
19. e5 d5 $15) (16. fxe4 Nxg4 $15) 16... Qxd5 17. g5 Nh5 18. Rd1 Qe5 19. Qxe4
Be7 $15) 15... Nd7 $5 (15... e3 16. Qd3 Nd7 17. a5 Qa7 18. f4 (18. Nd4 $2 Ne5
19. Qxe3 $140 Qxd4 20. Qxd4 Nxf3+ 21. Kf2 Nxd4 $19) 18... h6 19. Nd4 Nc5 20.
Qxe3+ Qe7 21. Qxe7+ Bxe7 $14) 16. fxe4 Be7 17. a5 Qb7 $44) 13... h6 $1 14. f4
$6 {Psychical attack will not succeed this time.} exf4 15. Qe2+ Be7 16. O-O-O (
16. Bg2 O-O 17. Bxb6 $140 Qxb6 18. Qxe7 $4 Rfe8 $19) 16... O-O $1 {Of course!}
17. h4 $1 {The only chance.} (17. a5 Nbd7 18. h4) (17. Bxb6 Qxb6 18. Kb1 (18.
h4 $6 Qe3+) (18. Qxe7 $2 Rae8 $19) 18... Rfe8 $17) 17... Nxa4 18. g5 Nd7 19.
Qe4 Re8 $5 (19... h5 20. Bd3 g6 21. Qxb4 $13) 20. Qxb4 $6 (20. Bd3 $5 g6 21.
Qxb4 $140 Nac5 22. Nxc5 Nxc5 23. gxh6 (23. h5 $2 Nxd3+ 24. Rxd3 Bxg5 25. hxg6
fxg6 $19) 23... Bf6 $1 (23... Rb8 24. Qxf4 Rxb2 $140 $2 25. Kxb2 Qb6+ 26. Kc1
Rb8 27. h7+ $1 $18) 24. Qxf4 (24. Bd4 $6 Rb8 25. Bxf6 Qxf6 26. Qa3 Re3 $40) (
24. Bxc5 Rb8 $40) 24... Be5 $1 25. h7+ Kg7 26. Bd4 (26. Qf3 Rb8 27. b3 Qa5 $19)
26... f6 $13) (20. gxh6 $2 Bf6 21. Qxf4 Bxb2+ $19) 20... Nac5 21. Na5 $5 (21.
Nxc5 Nxc5 22. gxh6 Bf6 23. Qxf4 Be5 24. Qg4 (24. h7+ Kh8 $40) 24... Qa5 $1 $40
{[%csl Rc1]} (24... Rb8 $2 25. Bd4 $1)) 21... hxg5 22. Nc6 Qc7 23. Rg1 Bf6 $1 (
23... a5 $5) 24. hxg5 Re4 25. c4 (25. Bc4 a5 26. Qb5 Be5 $17) 25... Be5 26. Rh1
$17 {I hope black has a good reason to agree!} 1/2-1/2